Obálka Náhled e-knihy:
PDF
Pro půjčování e-knih musíte být přihlášeni.
Jak si půjčit online?

Sladké sny, Mickey /

Tři pohádkové příběhy myšáka Mickeyho a jeho přátel v obrázkové knížce.

Uloženo v:
Hlavní autor: Parent, Nancy (Autor)
Korporativní autor: Tomatofarm (firma) (Ilustrátor)
Další autoři: Vichrová, Petra (Autor)
Médium: E-kniha
Jazyk:Czech
Vydáno: V Praze : Egmont, 2022
Vydání:První vydání
Edice:Disney (Egmont)
Témata:
Tagy:
Žádné tagy
LEADER 02244nam a2200541 i 4500
001 311554
003 CZ PrSKC
005 20260601215707.0
007 ta
008 220520s2022 xr a a 000 j cze
015 |a cnb003422508 
020 |a 9788025251522  |q (vázáno) :  |c Kč 299,00 
035 |a (OCoLC)1335742446 
040 |a ABG001  |b cze  |e rda 
041 1 |a cze  |h eng 
072 7 |a 821-93  |x Literatura pro děti a mládež (beletrie)  |2 Konspekt 
080 |a 821-32  |2 MRF 
080 |a 821-93  |2 MRF 
080 |a (0:82-32)  |2 MRF 
100 1 |a Parent, Nancy  |7 xx0168471  |4 aut 
240 1 0 |a Sweet dreams, Mickey.  |l Česky 
245 1 0 |a Sladké sny, Mickey /  |c překlad Petra Vichrová 
250 |a První vydání 
264 1 |a V Praze :  |b Egmont,  |c 2022 
300 |a 67 stran :  |b barevné ilustrace ;  |c 28 cm 
336 |a text  |b txt  |2 rdacontent 
336 |a statický obraz  |b sti  |2 rdacontent 
337 |a bez média  |b n  |2 rdamedia 
338 |a svazek  |b nc  |2 rdacarrier 
490 1 |a Disney 
500 |a Přeloženo z angličtiny 
500 |a Napsala Nancy Parent, ilustrace Tomato Farm 
505 0 0 |t Mickey a noc plná hvězd --  |t Nejlepší přespání u Mickeyho --  |t Pluto a odpolední šlofík 
520 2 |a Tři pohádkové příběhy myšáka Mickeyho a jeho přátel v obrázkové knížce.  |b Mickey bude pozorovat hvězdy, uspořádá večírek s přespáním a naučí odpočívat také pejska Pluta. 
521 8 |a Pro děti od 4 let 
655 7 |a příběhy  |7 fd133204  |2 czenas 
655 7 |a publikace pro děti  |7 fd133156  |2 czenas 
655 9 |a stories  |2 eczenas 
655 9 |a children's literature  |2 eczenas 
700 1 |a Vichrová, Petra  |7 ola20181002403  |4 trl 
710 2 |a Tomatofarm (firma)  |7 ko2018998178  |4 ill 
830 0 |a Disney (Egmont) 
900 |a ABA001  |b 20 
928 9 |a Albatros Media - Egmont 
044 |a xr 
910 |a RBIT002 
998 |d 351622  |a https://core.palmknihy.cz/api/books/351622/cover?si9hm4  |b https://core.palmknihy.cz/api/books/351622/cover/400?si9hm4  |c https://core.palmknihy.cz/api/books/351622/cover/50?si9hm4  |e 2026-12-31  |g 72  |i 9788025251522  |k https://core.palmknihy.cz/api/books/351622/preview.pdf  |l   |q 49  |r 1  |s https://www.palmknihy.cz/kniha/351622  |t ebook  |y 2022  |z 0 
999 |d 311552